Trí tuệ giả tạo : Internet đã làm gì chúng ta? = The shallows : what the Internet is doing to our brains

Trình bày những vấn đề cơ bản về tâm lý học thần kinh với những nghiên cứu về bộ não con người, phương thức tư duy, trí nhớ, tác động của Internet tới hoạt động của trí não, yếu tố con người......

Disgrifiad llawn

Wedi'i Gadw mewn:
Manylion Llyfryddiaeth
Prif Awdur: Carr, Nicholas
Fformat: Llyfr
Iaith:Undetermined
Cyhoeddwyd: Thành phố Hồ Chí Minh Trẻ 2019
Pynciau:
Tagiau: Ychwanegu Tag
Dim Tagiau, Byddwch y cyntaf i dagio'r cofnod hwn!
Thư viện lưu trữ: Trung tâm Học liệu Trường Đại học Cần Thơ
LEADER 01098nam a2200229Ia 4500
001 CTU_230603
008 210402s9999 xx 000 0 und d
020 |c 110000 
082 |a 612.8 
082 |b C311 
100 |a Carr, Nicholas 
245 0 |a Trí tuệ giả tạo : 
245 0 |b Internet đã làm gì chúng ta? = The shallows : what the Internet is doing to our brains 
245 0 |c Nicholas Carr ; Hà Quang Hùng, Linh Giang (dịch) ; Vũ Duy Mẫn (hiệu đính) 
260 |a Thành phố Hồ Chí Minh 
260 |b Trẻ 
260 |c 2019 
520 |a Trình bày những vấn đề cơ bản về tâm lý học thần kinh với những nghiên cứu về bộ não con người, phương thức tư duy, trí nhớ, tác động của Internet tới hoạt động của trí não, yếu tố con người... 
650 |a Mạng Internet,Internet 
650 |x Khía cạnh tâm lý,Psychological aspects 
910 |b dqhieu 
980 |a Trung tâm Học liệu Trường Đại học Cần Thơ